[Event "EU-ch U14 Girls 23rd"]
[Site "Budva"]
[Date "2013.10.05"]
[Round "6"]
[White "Marquez Marvizon, Alejandra"]
[Black "Avramidou, Anastasia"]
[Result "0-1"]
[WhiteElo "1720"]
[BlackElo "1889"]
[PlyCount "110"]
[EventDate "2013.09.29"]
[EventType "swiss"]
[EventRounds "9"]
[EventCountry "MNE"]
[SourceTitle "EXT 2014"]
[Source "ChessBase"]
[SourceDate "2013.11.20"]
[SourceVersion "1"]
[SourceVersionDate "2013.11.20"]
[SourceQuality "1"]

1. e4 c5 2. Nf3 e6 3. c3 Nf6 4. Bd3 Nc6 5. Bc2 Be7 6. 0-0 Qc7 7. Re1 d6 8. a3 c4 9. b3 cxb3 10. Bxb3 0-0 11. d4 Bd7 12. Qd3 Na5 13. Bc2 Qc4 14. Nbd2 Qxd3 15. Bxd3 Rac8 16. c4 Ba4 17. Rb1 Nd7 18. Nf1 Nb6 19. Ne3 Rfe8 20. Bd2 Naxc4 21. Nxc4 Nxc4 22. Bxc4 Rxc4 23. Rxb7 a6 24. Bb4 Bb5 25. e5 Bc6 26. Rc7 Bd8 27. Rc8 d5 28. Bc5 Bd7 29. Ra8 Ba5 30. Rxe8+ Bxe8 31. Rb1 f6 32. g3 Bb5 33. Kg2 Kf7 34. Rd1 Bc7 35. Ba7 Rc3 36. h4 Be2 37. Ng5+ fxg5 38. Rb1 Bb5 39. a4 Bxa4 40. Rb7 Kg6 41. Bc5 Bxe5 42. Rb6 Bf6 43. hxg5 Kxg5 44. Rxa6 Bc2 45. f3 Bd3 46. Rxe6 Rc2+ 47. Kg1 Be2 48. Re3 Rxc5 49. dxc5 Bd4 50. Kf2 Bb5 51. c6 Bxc6 52. Ke2 Bb5+ 53. Kd2 Bxe3+ 54. Kxe3 Bc4 55. Kd4 Kf5 0-1

[Event "ESP-ch U14"]
[Site "Salobrena"]
[Date "2012.07.11"]
[Round "4"]
[White "Chao Vale, Fernando"]
[Black "Marquez Marvizon, Alejandra"]
[Result "0-1"]
[WhiteElo "1789"]
[BlackElo "1622"]
[PlyCount "100"]
[EventDate "2012.07.09"]
[EventType "swiss"]
[EventRounds "9"]
[EventCountry "ESP"]
[SourceTitle "EXT 2014"]
[Source "ChessBase"]
[SourceDate "2013.11.20"]
[SourceVersion "1"]
[SourceVersionDate "2013.11.20"]
[SourceQuality "1"]

1. e4 e6 2. d4 d5 3. Nc3 Bb4 4. e5 c5 5. a3 Bxc3+ 6. bxc3 Ne7 7. Nf3 0-0 8. Bd3 h6 9. 0-0 Nd7 10. g4 c4 11. Be2 b5 12. h4 Qe8 13. h5 Nb6 14. Nh4 Kh7 15. Be3 g6 16. f4 gxh5 17. gxh5 Rg8+ 18. Kh2 Nf5 19. Nxf5 exf5 20. Bf2 Be6 21. Bh4 Nd7 22. Qd2 Rg7 23. Qe3 Qf8 24. Bf6 Nxf6 25. exf6 Rg8 26. Rg1 Rxg1 27. Rxg1 Qxa3 28. Rg7+ Kh8 29. Qg1 Qf8 30. Bf3 a5 31. Qg2 Rd8 32. Qg1 a4 33. Kh3 a3 34. Qa1 Qd6 35. Qg1 Qf8 36. Qa1 Ra8 37. Qg1 a2 38. Qa1 Qd8 39. Rg1 Qxf6 40. Qb2 Qd8 41. Ra1 Qa5 42. Kh4 Kg8 43. Rg1+ Kf8 44. Ra1 Ke8 45. Bh1 Kd7 46. Bg2 Kc6 47. Qc1 Qa3 48. Qe1 Qb2 49. Bh1 Qxc2 50. Qe5 Qh2# 0-1

[Event "Benidorm New Generation U12 07th"]
[Site "Benidorm"]
[Date "2011.12.09"]
[Round "5.2"]
[White "Escudero Manzano, Sergio"]
[Black "Marquez Marvizon, Alejandra"]
[Result "1-0"]
[WhiteElo "1759"]
[BlackElo "1467"]
[PlyCount "59"]
[EventDate "2011.12.07"]
[EventType "swiss"]
[EventRounds "7"]
[EventCountry "ESP"]
[SourceTitle "EXT 2024"]
[Source "ChessBase"]
[SourceDate "2023.10.10"]
[SourceVersion "1"]
[SourceVersionDate "2023.10.10"]
[SourceQuality "1"]

1. e4 e6 2. d4 d5 3. exd5 exd5 4. c4 Be6 5. cxd5 Qxd5 6. Nf3 Nf6 7. Be2 Qd8 8. 0-0 Bd6 9. Nc3 0-0 10. Bg5 Nbd7 11. h3 c6 12. Ne4 Bc7 13. Nxf6+ Nxf6 14. Qc2 Bd5 15. Ne5 Re8 16. Ng4 Qd6 17. Bxf6 gxf6 18. f4 Bb6 19. Rad1 Be4 20. Qc4 Bd5 21. Qd3 Be4 22. Nh6+ Kf8 23. Qb3 Qe6 24. Bc4 Bd5 25. Bxd5 cxd5 26. Rfe1 Bxd4+ 27. Kh2 Qb6 28. Qxd5 Re6 29. Rxe6 fxe6 30. Qd7 1-0